| 000 | 02075nam1a2200313 i 4500 | ||
|---|---|---|---|
| 001 | RU\NLR\BIBL_A\011757082 | ||
| 005 | 20260408081515.0 | ||
| 010 | _a9785926612834 | ||
| 035 | _a(NLR Aleph) 011757082 | ||
| 090 |
_a11657623 _c11657623 |
||
| 100 | _a20180723g20179999k y0rusy50 ca | ||
| 101 | 0 | _arus | |
| 102 | _aRU | ||
| 105 | _a||||k|||||||| | ||
| 200 | 1 |
_aУголовная политика и культура противодействия преступности _eматериалы Международной научно-практической конференции (15 сентября 2017 г.) _e[в 2 т.] _fКраснодарский университет МВД России _g[редакционная коллегия: К.В. Вишневецкий, доктор юридических наук, профессор (председатель) и др.] |
|
| 210 |
_aКраснодар _cКраснодарский университет МВД России _d2017 |
||
| 215 | _d20 | ||
| 606 | 1 |
_aУголовная политика _jСъезды, совещания и т.п _yРоссийская Федерация _92160283 _3RU\NLR\AUTH\661300144 |
|
| 606 | 1 |
_aПреступность _jСъезды, совещания и т.п _xБорьба с ней _yРоссийская Федерация _92079171 _3RU\NLR\AUTH\661255046 |
|
| 686 | 1 | _aХ628.1я431 | |
| 686 | 1 | _aХ628.322я431 | |
| 702 | 1 |
_aВишневецкий _bК. В. _gКирилл Валерьевич _4340 |
|
| 711 | 1 | 2 |
_a"Уголовная политика и культура противодействия преступности", международная научно-практическая конференция _eКраснодар _f2017 _9617514 _3RU\NLR\AUTH\880478281 |
| 712 | 0 | 2 |
_4557 _aКраснодарский университет МВД России _3RU\NLR\AUTH\8810124602 _9746802 |
| 852 |
_aNLR _j2018-3/19818 |
||
| 942 | _cBOOK | ||